Normal view
MARC view
Entry Personal Name
001 - CONTROL NUMBER
- control field: 74306
003 - CONTROL NUMBER IDENTIFIER
- control field: OSt
005 - DATE AND TIME OF LATEST TRANSACTION
- control field: 20190420130209.0
008 - FIXED-LENGTH DATA ELEMENTS
- fixed length control field: 190420|| aca||aabn | a|a d
040 ## - CATALOGING SOURCE
- Original cataloging agency: OSt
- Transcribing agency: OSt
100 ## - HEADING--PERSONAL NAME
- Personal name: सुभद्रा कुमारी चौहान
670 ## - SOURCE DATA FOUND
- Source citation: Work cat.: (OSt): सुभद्रा कुमारी चौहान , मेरी कहानियॉं मेरी कविताऍं , 2018









